000 00676nam a2200217Ii 4500
001 7913
003 CO-ViMGA
008 241108s9999||||xx |||||||||||||| ||und||
020 _a9586122530
040 _aCO-ViMGA
_bspa
_erda
_cCO-ViMGA
041 0 _aunk
082 0 4 _a417.2-E82l
100 1 _aHortensia Estrada Ramírez
_955069
245 1 0 _a<La> lengua sáliba :
_bclase nominales y sistemasde concordancia
264 1 _a[Lugar de publicación no identificado] : Tercer Mundo, 1996
300 _avolumen
336 _atext
_btxt
_2rdacontent
337 _aunmediated
_bn
_2rdamedia
338 _avolume
_bnc
_2rdacarrier
940 _aidficha_siabuc: 7737. -- ficha_no_siabuc:7913
999 _c52458
_d52458